Az egészségügyi szakdolgozók kiégettségének összefüggése az egészségügyi ellátás során kialakuló agressziós cselekmények gyakoriságával és a munkahelyi konfliktussal

Elmentve itt :
Bibliográfiai részletek
Szerzők: Irinyi Tamás
Németh Anikó
Lampek Kinga
Dokumentumtípus: Cikk
Megjelent: 2018
Sorozat:MENTÁLHIGIÉNÉ ÉS PSZICHOSZOMATIKA 19 No. 3
mtmt:3429057
Online Access:http://publicatio.bibl.u-szeged.hu/15487
LEADER 00823nab a2200205 i 4500
001 publ15487
005 20220722102535.0
008 190520s2018 hu o 0|| magyar d
022 |a 1419-8126 
024 7 |a 3429057  |2 mtmt 
040 |a SZTE Publicatio Repozitórium  |b hun 
041 |a magyar 
100 1 |a Irinyi Tamás 
245 1 3 |a Az egészségügyi szakdolgozók kiégettségének összefüggése az egészségügyi ellátás során kialakuló agressziós cselekmények gyakoriságával és a munkahelyi konfliktussal  |h [elektronikus dokumentum] /  |c  Irinyi Tamás 
260 |c 2018 
300 |a 205-220 
490 0 |a MENTÁLHIGIÉNÉ ÉS PSZICHOSZOMATIKA  |v 19 No. 3 
700 0 1 |a Németh Anikó  |e aut 
700 0 1 |a Lampek Kinga  |e aut 
856 4 0 |u http://publicatio.bibl.u-szeged.hu/15487/1/0406.19.2018.012.pdf  |z Dokumentum-elérés